"Blood and homeland". - Budapest : Central European Univ. Press. - 2007 [Rezension]
| Titel: | "Blood and homeland". - Budapest : Central European Univ. Press. - 2007 [Rezension] |
|---|---|
| Verfasser: | |
| In: |
Journal of genocide research, Band 10, Heft 1 (2008), Seite xxx alle Artikel anzeigen |
| Veröffentlicht: | 2008 |
| Format: | Aufsatz |
| Sprache: | Englisch |
X
alg: 39479576 001A $01999:12-11-16 001B $01999:03-08-21 $t21:02:36.000 001D $01999:12-11-16 001U $0utf8 001X $00 002@ $0Aox 003@ $0394795768 007A $0394795768 $aHEB 007T $0Herdc0028814m 010@ $aeng 011@ $a2008 021A $a@"Blood and homeland". - Budapest : Central European Univ. Press. - 2007 [Rezension] 028A $aStone $dDan 031A $d10 $e1 $hxxx $j2008 039B $aIn $8--Abvc--. Journal of genocide research. - Abingdon, Oxfordshire : Routledge, 1999-. - ISSN 1462-3528 $x200800000100001999 $9071389202 039T $8--Aay--. @"Blood and homeland". - Budapest : Central European Univ. Press, 2007. - IX, 467 S.. - Ill., Kt.. - ISBN 978-963-7326-77-6 $9194375218 045F $a900.9437 $eDDC23BSB 045F/01 $a900 045F/03 $g437 045T $aJUDAICA $qDE-30 $2FID 045T $a7,7 $a8 lok: 39479576 78 exp: 39479576 78 1 #EPN 201B/01 $018-11-16 $t12:45:44.000 201U/01 $0utf8 203@/01 $0791094375 208@/01 $a12-11-16 $be 209A/01 $a/ $f000 $x00 220C/01 $aTitelaufnehmer: pg 220C/01 $aHerkunft: HI Marburg 220C/01 $aAnmerkung: ng 244Z/01 $2Trx $#Kesk- ja Ida- Euroopa kontseptsioonid $#Vidurio Europos koncepcijos $#East-Central Europe $#Keletközépeurópa-eszmék $#Europa Środkowo-Wschodnia koncepcje $#Európa stredovýchodná koncepcie $#Evropa střední, východní část koncepce $#Mitteleuropa $#Osteuropakonzeptionen $#Europa Środkowa koncepcje $#Stredná Európa koncepcie $#Střední Europa koncepce $8--Trx--Ostmitteleuropakonzeptionen $x01 $9391364286 244Z/01 $2Trx $#arvustused $#recenzijos $#Reviews $#recenziók $#recenzje $#recenzie $#recenze $8--Trx--Rezensionen $x02 $9391357441 247C/01 $82080>Marburg/Lahn, Herder-Institut, Forschungsbibliothek, Bibliographieportal $9336309341
| LEADER | 00000caa a22000002c 4500 | ||
|---|---|---|---|
| 001 | 394795768 | ||
| 003 | DE-603 | ||
| 005 | 20210803210236.0 | ||
| 007 | tu | ||
| 008 | 161112s2008 xx |||| | u00||u|eng c | ||
| 035 | |a (DE-599)HEB394795768 | ||
| 040 | |a DE-603 |b ger |c DE-603 |d DE-603 | ||
| 041 | |a eng | ||
| 082 | 0 | 4 | |8 1\u |a 900.9437 |q DE-101 |2 23/BSB |
| 084 | |a JUDAICA |q DE-30 |2 fid | ||
| 084 | |a 7,7 |a 8 |2 ssgn | ||
| 085 | |8 1\u |b 900 | ||
| 085 | |8 1\u |z 2 |s 437 | ||
| 100 | 1 | |a Stone, Dan | |
| 245 | 0 | 0 | |a "Blood and homeland". - Budapest : Central European Univ. Press. - 2007 [Rezension] |
| 264 | 0 | |c 2008 | |
| 773 | 0 | 8 | |i In |t Journal of genocide research |d Abingdon, Oxfordshire : Routledge, 1999- |x 1462-3528 |g Band 10, Heft 1 (2008), Seite xxx |w (DE-603)071389202 |w (DE-600)1452128-3 |
| 787 | 0 | 8 | |i Rezension von |t "Blood and homeland" |d Budapest : Central European Univ. Press, 2007 |h IX, 467 S., Ill., Kt. |z 9637326774 |z 9789637326776 |z 9637326812 |z 9789637326813 |w (DE-603)194375218 |
| 924 | 0 | |9 2080 |a (DE-603)791094375 |b DE-2080 |c HES |d d |g / | |


